MDQL
is popping MORE tags! Check the
thread
!
Quizzes
Events
Quiz Creation
Community
Videos
Private Events
Remove Ads
Sign In
Join for FREE
Feedback
Dark Mode
Quiz Categories
Sports
Geography
Music
Movies
Television
Just For Fun
Miscellaneous
History
Literature
Language
Science
Gaming
Entertainment
Religion
Holiday
For Kids
Quiz Lab
Recent
Popular Today
Quiz Kudos Today
Editor Picks
Curator Picks
Quizzes by...
Day
Popularity
Type
Ratings
Length
Year
Community
Subscriptions
Recent Discussions
Orange Saloon
Badges
Playlists
Quests
Create
Leaderboards
Showdown
Live 5
Trivia Bingo
Activity
Puzzle Library
Sporcle Events
Private Events
Virtual Trivia
Globe League
Become a Host
Pub Owners
SporcleCon
Opinionation
Our Games
Videos
Blog
Mobile Apps
Partnerships
Remove Ads and Go Orange
Feedback
Miscellaneous
Crossword
General Knowledge
Baby Names
Logo
Food
Cars
Numbers
Grab Bag
University
College
Popular
Company
Slogans
Restaurants
Justice
Letter
Miscellaneous
Crossword
General Knowledge
Baby Names
Logo
Food
Cars
Numbers
Grab Bag
University
College
Popular
Company
Slogans
Restaurants
Justice
Letter
Random Quiz
Search Sporcle
×
Quiz Lab
Quiz Lab
Miscellaneous
Book
Type in answers that appear in a list
Type in answers that appear in a list
Classic
Best Score? Go Orange.
Philosophers by Book Title Stats
Can you name the Philosophers by their book titles?
By
crentmee
5m
30 Questions
174 Plays
174 Plays
174 Plays
Comments
Comments
Give Quiz Kudos
Give Quiz Kudos
-
- Ratings
hide this ad
Replay
Link that replays current quiz
Next Quiz
Link to next quiz in quiz playlist
You Got
0%
They Got
Avg Score
63%
Avg Friend Score
Upgrade to see
Score Distribution
Jump to the score distribution portion of the page
Score
0/30
Timer
05:00
0
Plays Today
Book or Article Title
Philosopher
% Correct
The Republic
Plato
98.9%
Critique of Pure Reason
Immanuel Kant
93.1%
Leviathan
Thomas Hobbes
92%
Das Kapital
Karl Marx
92%
Being and Nothingness
Jean-Paul Sartre
89.1%
The Meditations on First Philosophy
Rene Descartes
85.6%
Confessions
St. Augustine or Rousseau
83.3%
A Treatise of Human Nature
David Hume
82.8%
An Essay Concerning Human Understanding
John Locke
82.2%
The Myth of Sisyphus
Albert Camus
79.3%
Being and Time
Martin Heidegger
78.2%
Principia Mathematica
Bertrand Russell and Alfred North Whitehead
78.2%
Philosophical Investigations
Ludwig Wittgenstein
75.9%
Either/
Or
Soren Kierkegaard
74.1%
The Second Sex
Simone de Beauvoir
73.6%
Book or Article Title
Philosopher
% Correct
Twilight of the Idols
Friedrich Nietzsche
71.3%
De Anima
Aristotle
70.7%
The World as Will and Representation
Arthur Schopenhauer
69%
A Theory of Justice
John Rawls
63.2%
Of Grammatology
Jacques Derrida
59.8%
Pensees
Blaise Pascal
51.1%
The Monadology
Gottfried Leibniz
50.6%
Two Dogmas of Empiricism
Willard van Orman Quine
42.5%
The Order of Things
Michel Foucault
38.5%
Language, Truth & Logic
Alfred Jules Ayer
34.5%
Process and Reality
Alfred Whitehead
23.6%
The Enchiridion
Epictetus
21.8%
Truth and Method
Hans-Georg Gadamer
19.5%
Concept of the Mind
Gilbert Ryle
13.8%
The Fixation of Belief
Charles Sanders Peirce
10.9%
Quiz Playlist
Details
Report
Send in Message
Add To Playlist
Classic:
Type in answers that appear in a list
Last Updated: Feb 16, 2017
Quiz Scoreboard
CHALLENGE
Sign Up to Join the Scoreboard
Show All
Scores
Hide
Comments
May contain spoilers
Recently Published
5x2 Blitz: Bands
by SL_Kpop136
Music
30s
Colored Red Africa Blitz
by spor1
Geography
30s
Find the 'City' Movie
by crazypaving
Movies
60s
More to Explore
Quiz From the Vault
Featured Blog Post
14 Easter Pick-up Lines to Find Eggs With
hide this ad
You Might Also Like...
Tags
Book Quiz
article
Philosopher
Today's Top Quizzes in Miscellaneous
Browse Miscellaneous
hide this ad
Today's Top Quizzes in Book
Browse Book
Top Contributed Quizzes in Miscellaneous
1
5-to-1: Fast Food
2
The JOE quick-fire general knowledge quiz: Day 174
3
9x9 Crossword: Disney Movie Titles
4
9x9 Crossword: Charlie and the Chocolate Factory
5
9x9 Crossword: Pixar Movie Titles
6
9x9 Crossword: Flags
7
9x9 Crossword: 2022 Movies
8
9x9 Crossword: Nickelodeon
9
9x9 Crossword: Actors
10
9x9 Crossword: Halloween
Explore More
Trending Topics
Crossword
Kpop
Harry Potter
Disney
Marvel
Anime
NBA
NFL
The Office
Soccer
Song
Puzzle
Country
Pokémon
WWE
hide this ad
More By:
crentmee
Quiz
Plays
Rating
Category
Featured
Created
Classic Country Artists by Song Title
671
5.00
Music
Dec 30, 2010
NFL All-Time Roster
554
2.00
Sports
Feb 2, 2011
NFC North All Time Roster
417
3.25
Sports
Dec 31, 2010
Packers All-Time Roster
326
Sports
Dec 30, 2010
Philosophers by Book Title
174
4.83
Miscellaneous
Dec 30, 2010
Go to Creator's Profile
Score Distribution
Quiz Creator Spotlight
crentmee
Follow
Send a Message
Quizzes Created
-
Created Quiz Play Count
-
More By This Creator
Popular Quizzes Today
1
Find the 'City' Movie
2
Colored Red Africa Blitz
3
Find the US States - No Outlines Minefield
4
5x2 Blitz: Bands
5
The Countries of the World
6
Find the US States
7
US States
8
9x9 Crossword: Cartoon Network
More Miscellaneous Quizzes
9 in 30: Pastries
Published
Trending Quizzes
Colored Red Europe Blitz I
Colored Red Africa Blitz II
Colored Red Europe Blitz II
Colored Red Africa Blitz III
Colored Red Europe Blitz III
Recently Updated
2024 March Madness Bracket
pecheneg
Famous TV Couples
Peacemaker
Champions League XIs: Real Madrid
pecheneg
Largest US Cities 1790-2010
pecheneg
Rides in Walt Disney World
pecheneg
Most Oscar Losses (Acting)
pecheneg
Beyoncé Albums
pecheneg
Leaping Animals
pecheneg
Reality TV Shows (A-Z)
bhenderson79
Rickey Henderson's Hall of Fame Teammates
pecheneg
Trending Topics
Anime
NBA
Harry Potter
Crossword
Marvel
Disney
Kpop
WWE
Soccer
Song
Country
The Office
Pokémon
Puzzle
NFL
Your Account Isn't Verified!
In order to create a playlist on Sporcle, you need to verify the email address you used during registration. Go to your
Sporcle Settings
to finish the process.
Report this User
Report this user for behavior that violates our
Community Guidelines
.
Details:
Send Report
Go to the Sporcle.com Mobile Site →
Comments